Základné termíny z oblasti počítačovej grafiky

Gespeichert in:
Bibliographische Detailangaben
Format: Buch
Sprache:Slowakisch
Veröffentlicht: Bratislava Výskumné výpočtové stredisko 1979
Schriftenreihe:Terminologické listy č. 13
Tags: Tag hinzufügen
Keine Tags, Fügen Sie das erste Tag hinzu!

MARC

LEADER 00000nam a2200000 4500
001 0221941
005 20240822101659.8
041 0 |a slo 
044 |a SK 
245 1 0 |a Základné termíny z oblasti počítačovej grafiky 
264 1 |a Bratislava  |b Výskumné výpočtové stredisko  |c 1979 
300 |a [586-709 s.] 
490 1 |a Terminologické listy  |v č. 13 
830 0 |a Terminologické listy  |v č. 13